[Event "Saint Quentin op 4th"]
[Site "Saint Quentin"]
[Date "2001.04.21"]
[Round "8.27"]
[White "Hostachy, Jean Christophe"]
[Black "Baron, Daniel"]
[Result "1/2-1/2"]
[WhiteElo "1760"]
[BlackElo "2010"]
[PlyCount "134"]
[EventDate "2001.04.15"]
[EventType "swiss"]
[EventRounds "9"]
[EventCountry "FRA"]
[SourceTitle "EXT 2002"]
[Source "ChessBase"]
[SourceDate "2001.11.25"]
[SourceVersion "1"]
[SourceVersionDate "2001.11.25"]
[SourceQuality "1"]

1. e4 g6 2. d4 Bg7 3. Nc3 c6 4. f4 d5 5. e5 h5 6. Nf3 Bg4 7. h3 Bxf3 8. Qxf3 e6 9. Be3 h4 10. 0-0-0 Ne7 11. Bd3 Nf5 12. Bf2 Qe7 13. Ne2 Nd7 14. g4 hxg3 15. Nxg3 Nh4 16. Qg4 0-0-0 17. Ne2 Rh7 18. c4 dxc4 19. Bxc4 Nb6 20. Bb3 Nd5 21. Rd3 Kb8 22. Rhd1 Rc8 23. Kb1 Qd8 24. Be1 Bf8 25. a3 Be7 26. Rc1 Nf5 27. Bxd5 Qxd5 28. Nc3 Qd8 29. Qg1 Rc7 30. Ne4 Rd7 31. Bf2 Ka8 32. Qd1 Qa5 33. Nc5 Bxc5 34. Rxc5 Qd8 35. Qa4 Rd5 36. Rxc6 Qd7 37. Rc5 Rh8 38. Rdc3 b5 39. Qa6 Rxc5 40. Rxc5 Rb8 41. d5 exd5 42. Rxd5 Qb7 43. Qa5 Ne7 44. Rxb5 Qe4+ 45. Ka1 Nc6 46. Rxb8+ Kxb8 47. Qd2 Qh1+ 48. Ka2 Qxh3 49. Qd6+ Kb7 50. Qd5 Qe6 51. Qxe6 fxe6 52. b4 Ne7 53. Kb3 Nd5 54. Bg3 Kc6 55. Kc4 a6 56. Kd4 Kb5 57. Bh2 Ne7 58. Bg1 Nf5+ 59. Kc3 Ka4 60. Kc4 Kxa3 61. b5 axb5+ 62. Kxb5 Kb3 63. Kc6 Kc4 64. Kd7 Kd5 65. Bf2 Ng7 66. Bh4 Nf5 67. Bg5 Nd4 1/2-1/2

[Event "Saint Quentin op 4th"]
[Site "Saint Quentin"]
[Date "2001.04.18"]
[Round "5.27"]
[White "Leloup, Emmanuel"]
[Black "Hostachy, Jean Christophe"]
[Result "1-0"]
[WhiteElo "2010"]
[BlackElo "1760"]
[PlyCount "99"]
[EventDate "2001.04.15"]
[EventType "swiss"]
[EventRounds "9"]
[EventCountry "FRA"]
[SourceTitle "EXT 2002"]
[Source "ChessBase"]
[SourceDate "2001.11.25"]
[SourceVersion "1"]
[SourceVersionDate "2001.11.25"]
[SourceQuality "1"]

1. e4 d6 2. d4 Nf6 3. Nc3 g6 4. Be3 Bg7 5. Qd2 c6 6. Nf3 b5 7. Bd3 0-0 8. h3 Nbd7 9. Ne2 c5 10. e5 dxe5 11. dxe5 Nd5 12. Bxb5 Nxe3 13. Qxe3 Qa5+ 14. Nc3 Rb8 15. a4 a6 16. Bxd7 Bxd7 17. Nd2 Be6 18. Rb1 c4 19. Nf3 Bf5 20. Kd2 Rfd8+ 21. Kc1 f6 22. g4 Bxc2 23. Kxc2 Rd3 24. Qe4 Qb6 25. Qxc4+ Kh8 26. Qxd3 Bh6 27. b4 Rd8 28. Qe2 Qc6 29. Rhd1 Rc8 30. Rb3 Bf4 31. Qd3 fxe5 32. Qd5 Qb6 33. Rf1 e6 34. Qe4 Qd8 35. Rd1 Qb6 36. Qe2 e4 37. Nd2 e3 38. fxe3 Bh6 39. Nc4 Qc6 40. Rd6 Qb7 41. Qd2 Bg5 42. Rd7 Qc6 43. Ne5 Qe4+ 44. Qd3 Qxe5 45. Qd4 Bf6 46. Qxe5 Bxe5 47. Re7 Rf8 48. Rxe6 Rf2+ 49. Kd3 Bf6 50. Ne4 1-0

[Event "Saint Quentin op 4th"]
[Site "Saint Quentin"]
[Date "2001.04.16"]
[Round "2.46"]
[White "Hostachy, Jean Christophe"]
[Black "Hedjazian, Kayhan"]
[Result "0-1"]
[WhiteElo "1760"]
[BlackElo "1460"]
[PlyCount "128"]
[EventDate "2001.04.15"]
[EventType "swiss"]
[EventRounds "9"]
[EventCountry "FRA"]
[SourceTitle "EXT 2002"]
[Source "ChessBase"]
[SourceDate "2001.11.25"]
[SourceVersion "1"]
[SourceVersionDate "2001.11.25"]
[SourceQuality "1"]

1. e4 d5 2. exd5 Nf6 3. Nc3 Nxd5 4. Nf3 Nxc3 5. bxc3 Nc6 6. d4 Bf5 7. Rb1 Rb8 8. Ba3 a6 9. Be2 e6 10. Bxf8 Rxf8 11. 0-0 Ke7 12. Qd2 Re8 13. c4 Kf8 14. Rb2 Qf6 15. c3 Red8 16. Qf4 Rd7 17. Rd1 b6 18. Rbd2 Rbd8 19. Bd3 Bxd3 20. Qxf6 gxf6 21. Rxd3 e5 22. R3d2 Na5 23. dxe5 Rxd2 24. Rxd2 Rxd2 25. Nxd2 fxe5 26. f3 Ke7 27. Kf2 Kd6 28. Ne4+ Ke7 29. c5 f5 30. Ng3 Ke6 31. cxb6 cxb6 32. Ke2 Nb7 33. Kd3 Nd6 34. c4 Nb7 35. Ne2 Nc5+ 36. Kc3 h5 37. h4 Kf6 38. Nc1 Ke6 39. Kb4 Kd6 40. a4 Kc6 41. Ne2 a5+ 42. Ka3 f4 43. g3 Ne6 44. Kb3 fxg3 45. Nxg3 Nd4+ 46. Kc3 Nxf3 47. Nxh5 Nxh4 48. Nf6 Nf5 49. Ne4 Nd6 50. Nf6 Nc8 51. Ne4 Kd7 52. c5 Kc6 53. cxb6 Nxb6 54. Kb3 Kd5 55. Nc3+ Kd4 56. Nb5+ Kd3 57. Nc3 e4 58. Kb2 e3 59. Kb3 Nd7 60. Kb2 Nc5 61. Nd5 Kd4 62. Nc3 Nxa4+ 63. Nxa4 e2 64. Nc3 e1Q 0-1